000
00291nam a22001337a 4500
020
_a
8120330188
082
_a
005.8
100
_a
STALLINGS, WILLIAM
245
_a
CRYPTOGRAPHY AND NETWORK SECURITY
250
_a
4TH ED.
260
_a
USA
_b
PRENTICE HALL
_c
2006
300
_a
680
942
_c
BK
999
_c
23308
_d
23308